000 00308nam a2200121Ia 4500
008 241015s9999 xx 000 0 und d
041 _aeng
082 _a741.5 BLA
100 _aAlexandra Blanchard
245 _aWonder Women
260 _bC Hurst & Co Publishers Ltd
_aLondon
_c2022
300 _a286;. P. 23 cm
999 _c41661
_d41661